| 000 -NÁVESTIE |
| fixed length control field |
00727nam a2200253 a 4500 |
| 008 - ÚDAJE S PEVNOU DĹŽKOU – VŠEOBECNÉ INFORMÁCIE |
| fixed length control field |
951212s1979||||CS 0 slo c |
| 020 ## - MEDZINÁRODNÉ ŠTANDARDNÉ ČÍSLO KNIHY (ISBN) |
| Údaje o dostupnosti |
80 Kčs. |
| Qualifying information |
(10000 výtl.) |
| 040 ## - ZDROJ KATALOGIZÁCIE |
| Pôvodná katalogizujúca agentúra |
SNK |
| Jazyk katalogizácie |
slo |
| Prepisujúca agentúra |
SNK |
| Konvencie popisu |
AACR2 |
| 044 ## - KÓD KRAJINY VYDAVATEĽA/PRODUCENTA |
| Kód krajiny MARC |
xo |
| Kód krajiny ISO |
SK |
| 080 ## - ČÍSLO MEDZINÁRODNÉHO DESATINNÉHO TRIEDENIA (MDT) |
| Číslo Medzinárodného desatinného triedenia (MDT) |
061.1(100)(038) |
| 041 ## - KÓD JAZYKA |
| Kód jazyka textu/zvukovej stopy alebo samostatných nápisov |
slo |
| 245 10 - NÁZOV |
| Názov |
Slovník medzinárodných organizácií |
| 250 ## - ÚDAJ O PORADÍ VYDANIA |
| Údaj o poradí vydania |
1., vyd. |
| 260 ## - VYDAVATEĽSKÉ ÚDAJE, DISTRIBÚCIA ATĎ. |
| Miesto publikovania, distribúcie atď. |
Bratislava |
| Názov vydavateľa, distibútora atď. |
Pravda |
| Dátum publikovania, distribúcie atď. |
1979 |
| Miesto výroby |
Bratislava |
| Výrobca |
Pravda |
| 300 ## - FYZICKÝ POPIS |
| Rozsah |
757 s., 77,42 AH |
| Rozmery |
24 cm |
| 490 0# - EDÍCIA |
| Edícia |
Členská knižnica Pravda |
| 500 ## - VŠEOBECNÁ POZNÁMKA |
| Formátovaná poznámka o obsahu |
Reg. |
| 700 1# - PRIDANÝ VSTUP – OSOBNÉ MENO |
| Osobné meno |
Klepacki, Zbigniew M. |
| Kód roly |
zos |
| 700 1# - PRIDANÝ VSTUP – OSOBNÉ MENO |
| Osobné meno |
Servátka, Marián |
| Kód roly |
prk |
| 700 1# - PRIDANÝ VSTUP – OSOBNÉ MENO |
| Osobné meno |
Štefanko, Milan |
| Kód roly |
prk |
| 700 1# - PRIDANÝ VSTUP – OSOBNÉ MENO |
| Osobné meno |
Rovenský, Ján |
| Kód roly |
gup |
| 700 1# - PRIDANÝ VSTUP – OSOBNÉ MENO |
| Osobné meno |
Klepacki, Zbigniew M. |
| Kód roly |
ini |
| 958 ## - Formálny deskriptor |
| Formálny deskriptor |
A |